Normal view
MARC view
Entry Topical Term
001 - CONTROL NUMBER
- control field: 1189
003 - CONTROL NUMBER IDENTIFIER
- control field: csc
005 - DATE AND TIME OF LATEST TRANSACTION
- control field: 20140507162054.0
008 - FIXED-LENGTH DATA ELEMENTS
- fixed length control field: 130522|| aca||aabn | a|a d
040 ## - CATALOGING SOURCE
- Original cataloging agency: csc
- Transcribing agency: csc
150 ## - HEADING--TOPICAL TERM
- Topical term or geographic name entry element: CROPPING SYSTEMS
670 ## - SOURCE DATA FOUND
- Source citation: Work cat.: (csc)264: Xiong Zhenmin (ed.) 5005, 中国水稻, 1992